Столицы Азии - Statistics

General Stats
  • This quiz has been taken 643 times
  • The average score is 26 of 48
Answers on the Map
Answers color-coded by a green-red scale on the quiz's map according to % correct below.
 
Answer Stats
Country % Correct
Пекин
95%
Токио
91%
Астана
91%
Сеул
87%
Анкара
83%
Нью-Дели
82%
Пхеньян
82%
Улан-Батор
78%
Баку
77%
Ташкент
77%
Тбилиси
75%
Ереван
73%
Бишкек
73%
Тегеран
71%
Абу-Даби
67%
Иерусалим
63%
Кабул
62%
Душанбе
62%
Исламабад
61%
Сингапур
61%
Бангкок
61%
Ашхабад
61%
Джакарта
60%
Багдад
60%
Эр-Рияд
56%
Дамаск
53%
Ханой
48%
Манила
47%
Никосия
45%
Доха
45%
Дакка
44%
Куала-Лумпур
41%
Катманду
40%
Амман
37%
Бейрут
37%
Сана
37%
Эль-Кувейт
36%
Маскат
36%
Тайбэй
36%
Пномпень
30%
Мале
30%
Вьентьян
29%
Тхимпху
28%
Манама
27%
Дили
25%
Нейпьидо
24%
Шри-Джаяварденепура-Котте
18%
Бандар-Сери-Бегаван
17%
No matching quizzes found
Score Distribution
Percent of People with Each Score
Percentile by Number Answered
Your Score History
You have not taken this quiz